Observational studies / (Record no. 11827)

MARC details
000 -LEADER
fixed length control field 05408cam a2200373 i 4500
001 - CONTROL NUMBER
control field 12481533
003 - CONTROL NUMBER IDENTIFIER
control field EG-ScBUE
005 - DATE AND TIME OF LATEST TRANSACTION
control field 20241208103827.0
008 - FIXED-LENGTH DATA ELEMENTS--GENERAL INFORMATION
fixed length control field 010725t2002 nyua f b 001 0 eng d
020 ## - INTERNATIONAL STANDARD BOOK NUMBER
International Standard Book Number 0387989676 (acidfree paper)
020 ## - INTERNATIONAL STANDARD BOOK NUMBER
International Standard Book Number 9780387989679
040 ## - CATALOGING SOURCE
Original cataloging agency DLC
Language of cataloging eng
Description conventions rda
Transcribing agency DLC
Modifying agency DLC
-- EG-ScBUE
082 04 - DEWEY DECIMAL CLASSIFICATION NUMBER
Classification number 519.53
Edition number 22
Item number ROS
100 1# - MAIN ENTRY--PERSONAL NAME
Personal name Rosenbaum, Paul R.,
Relator term author.
9 (RLIN) 6157
245 10 - TITLE STATEMENT
Title Observational studies /
Statement of responsibility, etc Paul R. Rosenbaum.
250 ## - EDITION STATEMENT
Edition statement Second edition.
264 #1 - PUBLICATION, DISTRIBUTION, ETC. (IMPRINT)
Place of publication, distribution, etc New York :
Name of publisher, distributor, etc Springer,
Date of publication, distribution, etc [2002]
264 #4 - PUBLICATION, DISTRIBUTION, ETC. (IMPRINT)
Date of publication, distribution, etc c2002
300 ## - PHYSICAL DESCRIPTION
Extent xiv, 375 pages :
Other physical details illustrations ;
Dimensions 24 cm.
336 ## - CONTENT TYPE
Source rdacontent
Content type term text
Content type code txt
337 ## - MEDIA TYPE
Media type term unmediated
Source rdamedia
Media type code n
338 ## - CARRIER TYPE
Carrier type term volume
Carrier type code nc
Source rdacarrier
490 0# - SERIES STATEMENT
Series statement Springer series in statistics
504 ## - BIBLIOGRAPHY, ETC. NOTE
Bibliography, etc Includes bibliographical references and index.
505 8# - FORMATTED CONTENTS NOTE
Formatted contents note Machine generated contents note: 1 Observational Studies -- 1.1 What Are Observational Studies?-- 1.2 Some Observational Studies-- 1.3 Purpose of This Book-- 1.4 Bibliographic Notes-- 1.5 References-- 2 Randomized Experiments -- 2.1 Introduction and Example: A Randomized Clinical Trial-- 2.2 The Lady Tasting Tea-- 2.3 Randomized Experiments-- 2.4 Testing the Hypothesis of No Treatment Effect-- 2.5 Simple Models for Treatment Effects-- 2.6 Confidence Intervals-- 2.7 Point Estimates-- 2.8 *More Complex Outcomes-- 2.9 *Appendix: Effect Increasing Tests Under Alternatives. -- 2.10 *Appendix: The Set of Treatment Assignments-- 2.11 Bibliographic Notes-- 2.12 Problems-- 2.13 References-- 3 Overt Bias in Observational Studies -- 3.1 Introduction: An Example and Planning Adjustments-- 3.2 Adjustments by Exact Stratification and Matching-- 3.3 Case-Referent Studies-- 3.4 *Small Sample Inference with an Unknown Propensity Score -- 3.5 *Large Sample Inference with an Unknown Propensity Score -- 3.6 *Inexact Matching Followed by Stratification-- 3.7 Bibliographic Notes-- 3.8 Problems -- 3.9 References-- 4 Sensitivity to Hidden Bias -- 4.1 What Is a Sensitivity Analysis?-- 4.2 A Model for Sensitivity Analysis-- 4.3 Matched Pairs-- 4.4 Sensitivity Analysis for Sign-Score Statistics-- 4.5 Multiple Controls and Continuous Responses-- 4.6 Sensitivity Analysis for Two Unmatched Groups-- 4.7 Appendix: Technical Results and Proofs-- 4.8 Bibliographic Notes-- 4.9 Problems-- 4.10 References -- 5 Models for Treatment Effects -- 5.1 Effects That Vary from Person to Person-- 5.2 Order Statistics-- 5.3 Dilated Effects-- 5.4 Instrumental Variables-- 5.5 Attributable Effects: Binary Responses-- 5.6 Attributable Effects: Displacements-- 5.7 Inference About a Quantile-- 5.8 Bibliographic Notes-- 5.9 Problems-- 5.10 Appendix: Minimum Wage Data-- 5.11 References-- 6 Known Effects -- 6.1 Detecting Hidden Bias Using Known Effects-- 6.2 An Outcome Known to Be Unaffected by the Treatment. -- 6.3 An Outcome With Known Direction of Effect-- 6.4 *The Behavior of T* with Nonnegative Effects-- 6.5 Bias of Known Direction-- 6.6 Bibliographic Notes-- 6.7 Problems -- 6.8 References-- 7 Multiple Reference Groups in Case-Referent Studies -- 7.1 Multiple Reference Groups-- 7.2 Matched Studies with Two Referent Groups-- 7.3 *Appendix: Selection and Hidden Bias-- 7.4 *Appendix: Derivation of Bounds for Sensitivity Analysis -- 7.5 Bibliographic Notes-- 7.6 Problems -- 7.7 References-- 8 Multiple Control Groups -- 8.1 The Role of a Second Control Group-- 8.2 Selecting Control Groups-- 8.3 Comparing Outcomes in Two Control Groups-- 8.4 Bibliographic Notes-- 8.5 Problems-- 8.6 References-- 9 Coherence and Focused Hypotheses -- 9.1 Coherent Associations-- 9.2 Signed Rank Statistics for Coherent Predictions-- 9.3 Example: Do Anesthetic Gases Cause Mutations?-- 9.4 *Properties of the Coherent Signed Rank Test-- 9.5 Some Other Forms of Coherence-- 9.6 Strengths and Limitations of Coherence-- 9.7 *Appendix: Arrangement-Increasing Functions of Matrices -- 9.8 Bibliographic Notes-- 9.9 Problems -- 9.10 References -- 10 Constructing Matched Sets and Strata -- 10.1 Introduction: Propensity Scores, Structures, Algorithms -- 10.2 The Propensity Score-- 10.3 Optimal Strata-- 10.4 Optimal Matching-- 10.5 Bibliographic Notes-- 10.6 Software-- 10.7 Problems-- 10.8 References-- 11 Planning an Observational Study -- 11.1 Introduction and Some Ground Rules-- 11.2 Three Observational Studies-- 11.3 Choice of Research Hypothesis-- 11.4 A Control Group-- 11.5 Defining Treated and Control Groups-- 11.6 Competing Theories-- 11.7 Internal Replication-- 11.8 Nondose Nonresponse: An Absent Association-- 11.9 Stability Analyses-- 11.10 Abrupt, Short-Lived Treatments-- 11.11 Natural Blocks-- 11.12 Refute Several Alternative Explanations-- 11.13 Bibliographic Notes-- 11.14 Problems-- 11.15 References-- 12 Some Strategic Issues -- 12.1 What Are Strategic Issues?-- 12.2 Some Specific Suggestions-- 12.3 References.
650 #7 - SUBJECT ADDED ENTRY--TOPICAL TERM
Topical term or geographic name as entry element Experimental design.
Source of heading or term BUEsh
9 (RLIN) 6159
650 #7 - SUBJECT ADDED ENTRY--TOPICAL TERM
Topical term or geographic name as entry element Analysis of variance.
Source of heading or term BUEsh
9 (RLIN) 6160
655 ## - INDEX TERM--GENRE/FORM
Form subdivision Reading book
856 41 - ELECTRONIC LOCATION AND ACCESS
Materials specified Table of contents
Uniform Resource Identifier <a href="http://www.loc.gov/catdir/toc/fy031/2001049264.html">http://www.loc.gov/catdir/toc/fy031/2001049264.html</a>
856 42 - ELECTRONIC LOCATION AND ACCESS
Materials specified Publisher description
Uniform Resource Identifier <a href="http://www.loc.gov/catdir/enhancements/fy0815/2001049264-d.html">http://www.loc.gov/catdir/enhancements/fy0815/2001049264-d.html</a>
906 ## - LOCAL DATA ELEMENT F, LDF (RLIN)
a 7
b cbc
c orignew
d 1
e ocip
f 20
g y-gencatlg
942 ## - ADDED ENTRY ELEMENTS (KOHA)
Source of classification or shelving scheme Dewey Decimal Classification
Koha item type Book - Borrowing
Holdings
Withdrawn status Lost status Source of classification or shelving scheme Damaged status Not for loan Collection code Home library Current library Shelving location Date acquired Source of acquisition Cost, normal purchase price Total Checkouts Full call number Barcode Date last seen Price effective from Koha item type
    Dewey Decimal Classification     Alef-Baa Central Library Central Library First floor 14/06/2009 Purchase 150.00   519.53 ROS 000016803 15/07/2025 14/06/2009 Book - Borrowing
    Dewey Decimal Classification     Alef-Baa Central Library Central Library First floor 24/06/2009 Purchase 150.00   519.53 ROS 000017089 15/07/2025 24/06/2009 Book - Borrowing